000 01146cam a22002651a 4500
001 ca 24000751
003 DLC
005 20260227111113.0
008 840306s1924 ksu 000 0 eng
010 _aca 24000751
035 _a(OCoLC)10490967
040 _aDLC
_cKPT
_dDLC
042 _apremarc
050 0 0 _aBT309
_b.H34
100 1 _aHarvey, Alexander,
_d1868-1949.
245 1 0 _aEssays on the friends of Jesus /
_cAlexander Harvey.
260 _aGirard, Kan. :
_bHaldeman-Julius Co.,
_cc1924.
300 _a64 p. ;
_c13 cm.
440 0 _aLittle blue book ;
_vno. 533
500 _aPages 61-64 contain advertising matter.
505 0 _aThe secret of Judas Iscariot -- Jesus in our inferno -- The dilemma of doubting Thomas -- The Pharisee's lady friend -- The healing of the paralytic -- The dark hour on Calvary -- The sceptics of Golgotha.
500 _aPublished 14 February 1924; copies deposited at Library of Congress 29 February 1924. Advertised 16 February 1924, Haldeman-Julius Weekly, p. 1.
500 _aLater printings lack three advertisements on outer back cover.
600 0 0 _aJesus Christ
_xFriends and associates.
999 _c15872
_d15872